Prevention of cardiovascular diseases : an approach to active long life : proceedings of the international symposium /
Uložené v:
| Hlavný autor: | |
|---|---|
| Médium: | Kniha |
| Jazyk: | English |
| Vydané: |
Amsterdam ; New York ; Oxford :
Excerpta Medica,
1987
|
| Vydanie: | 1st ed. |
| ISBN: |
(viaz.) |
| Fyzický popis: |
258 s. |
| Tagy: |
Pridať tag
Žiadne tagy, Buďte prvý kto otaguje tento záznam!
|
Titul je dostupný aj v ... 

MARC
| LEADER | 00000nam a2200000 a 4500 | ||
|---|---|---|---|
| 001 | 000295021 | ||
| 005 | 20070423141850.0 | ||
| 008 | 070423s1987 be e 000 0 engo | ||
| 020 | |a (viaz.) | ||
| 040 | |a SVKKK |b slo |c SVKKK |e AACR2 | ||
| 041 | 0 | |a eng | |
| 044 | |a be |c BE |a xxu |c US |a xxk |c GB | ||
| 100 | 1 | |a Yamori, Yukio |4 aut | |
| 245 | 1 | 0 | |a Prevention of cardiovascular diseases : |b an approach to active long life : proceedings of the international symposium / |c edit. Yukio Yamori |
| 250 | |a 1st ed. | ||
| 260 | |a Amsterdam ; |a New York ; |a Oxford : |b Excerpta Medica, |c 1987 | ||
| 300 | |a 258 s. | ||
| 998 | |a BK | ||
| 090 | |g SCKHL |k Sklad Pribinova prízemie |a IV.139918 |j 767276 |i B104715 |s Absenčne | ||